Asian Geography A-Z - Statistics

General Stats
  • This quiz has been taken 333 times
  • The average score is 18 of 26
Answer Stats
Hint Clue Answer % Correct
G Holy River of Hinduism Ganges
92%
E Became independent from Indonesia in 2004 East Timor
90%
V Was Split into North and South until 1975 Vietnam
89%
I Located in Both Europe and Asia Istanbul
88%
Y Longest River in Asia Yangtze River
88%
J "Petra" is located here Jordan
87%
R Currency of Russia Ruble
85%
C Former name of Sri Lanka Ceylon
84%
T Largest Port of Israel Tel Aviv
81%
W Largest Territory of Palestine West Bank
79%
B Second largest city in South Korea Busan
76%
F Also known as Tagalog Filipino
76%
M Between the Tigris and Euphrates Rivers Mesopotamia
74%
X Where the Terra-cotta soldiers are Xian
74%
L Capital of Tibet Lhasa
73%
A Sea that was drained over the past few decades Aral Sea
68%
S Largest City on Hokkaido Sapporo
66%
H Largest island in China Hainan
64%
Q Major city in the Philippines Quezon City
64%
N Capital of Myanmar Nay Pyi Daw
60%
P Guangzhou is on this River Pearl River
49%
U Major city in Northwest China Urumqi
43%
K Holiest Site of Islam Kaaba
37%
D Saudi Arabian City on the Persian Gulf Dammam
29%
O Sea East of Russia Sea of Okhotsk
27%
Z Mountain Range of Iran Zagros Mountains
18%
No matching quizzes found
Score Distribution
Percent of People with Each Score
Percentile by Number Answered
Your Score History
You have not taken this quiz